Stanovení ceny a prodej výrobku. Zkušený americký praktik radí našim začínajícím manažerům a podnikatelům.

Úryvky z knihy amerického podnikateľa slovenského pôvodu: "Začínáme podnikat" (Management Press, Praha 1992). Stanovenie ceny výrobku tak, aby ju bol zákazník ochotný zaplatiť. Predaj výrobku a funkcia "manažér výrobku" (product manager). Základná filozofia marketingu. Konkrétne príklady (kaučuk EPR...

Description complète

Enregistré dans:
Détails bibliographiques
Auteur principal: Kadlec, Frank
Format: Chapitre de livre
Langue:tchèque
Sujets:
Tags: Ajouter un tag
Pas de tags, Soyez le premier à ajouter un tag!

MARC

LEADER 00000naa a2200000 4500
001 r011628
005 20220826092610.9
041 0 |a cze 
044 |a [CS] 
245 1 0 |a Stanovení ceny a prodej výrobku.  |b Zkušený americký praktik radí našim začínajícím manažerům a podnikatelům.  |c Frank Kadlec 
520 |a Úryvky z knihy amerického podnikateľa slovenského pôvodu: "Začínáme podnikat" (Management Press, Praha 1992). Stanovenie ceny výrobku tak, aby ju bol zákazník ochotný zaplatiť. Predaj výrobku a funkcia "manažér výrobku" (product manager). Základná filozofia marketingu. Konkrétne príklady (kaučuk EPR, vodné skútre, pneumatiky Michelin). 
610 2 0 |a ceny 
610 2 0 |a výrobky 
610 2 0 |a tvorba cien 
610 2 0 |a predaj 
610 2 0 |a marketing 
610 2 0 |a manažéri 
100 1 |a Kadlec, Frank